Slovensko rozostavalo priveľa ciest bez finančného krytia
Vláda zatiaľ nedokázala aktualizovať projekt výstavby diaľnic na Slovensku - problém ich financovania. Rozostavaných je 66 diaľničných úsekov a rýchlostných ciest. Návrhy ministerstva dopravy. Predraženie stavieb. Problém zmlúv. Hľadanie priorít. Európske kritériá.
Enregistré dans:
| Auteur principal: | |
|---|---|
| Format: | Chapitre de livre |
| Langue: | slovaque |
| Sujets: | |
| Tags: |
Pas de tags, Soyez le premier à ajouter un tag!
|
MARC
| LEADER | 00000naa a2200000 4500 | ||
|---|---|---|---|
| 001 | r048036 | ||
| 005 | 20230921114646.5 | ||
| 041 | 0 | |a slo | |
| 044 | |a SK | ||
| 245 | 1 | 0 | |a Slovensko rozostavalo priveľa ciest bez finančného krytia |c Katarína Začková |
| 520 | |a Vláda zatiaľ nedokázala aktualizovať projekt výstavby diaľnic na Slovensku - problém ich financovania. Rozostavaných je 66 diaľničných úsekov a rýchlostných ciest. Návrhy ministerstva dopravy. Predraženie stavieb. Problém zmlúv. Hľadanie priorít. Európske kritériá. | ||
| 610 | 2 | 0 | |a diaľnice |
| 610 | 2 | 0 | |a financovanie |
| 610 | 2 | 0 | |a zmluvy |
| 610 | 2 | 0 | |a Slovensko |
| 610 | 2 | 0 | |a Európska únia |
| 100 | 1 | |a Začková, Katarína | |